MARC
|
|
|
|
| LEADER |
00000 a a2200000 04500 |
| 001 |
24003 |
| 003 |
|
| 040 |
|
|
|
| 020 |
|
|
|a 92-827-4110-9
|
| 090 |
|
|
|a 170300
|
| 110 |
|
|
|a Fundación Europea para la Mejora de las condiciones de Vida y de Trabajo
|
| 245 |
|
|
|a Diseñar en favor de la salud. Crear un folleto
|
| 260 |
|
|
|a Loughlinstown:
|b FEMCVT
|
| 300 |
|
|
|a 23 p.
|b il.
|
| 999 |
|
|
|c 16936
|d 16936
|